Automatisierungstechnische Praxis ATP

Gespeichert in:
Bibliographische Detailangaben
Format: Schriftenreihe
Veröffentlicht: 2000
Tags: Tag hinzufügen
Keine Tags, Fügen Sie das erste Tag hinzu!

MARC

LEADER 00000nas a22000003a 4500
001 stu65063
005 20141121235853.8
008 011106s2000----------------------------d
040 |a STU  |b slo 
041 0
245 |a Automatisierungstechnische Praxis ATP 
260 |c 2000 
500 |a 1-12 
500 |a 12 
773 0 |t Automatisierungstechnische Praxis ATP /  |w stu_us_cat*stu59457  |x 0178-2320  |7 nnas 
996 |d Roč. 42, 2000  |v Roč. 42  |y 2000  |l EE0103  |s A  |a 24  |w stu65063_0001